| 000 | 01402cam a22003014a 4500 | ||
|---|---|---|---|
| 999 |
_c234530 _d234530 |
||
| 001 | 12964506 | ||
| 003 | Nust | ||
| 005 | 20170322111105.0 | ||
| 008 | 021011s2003 nyu 000 0 eng | ||
| 010 | _a 2002035174 | ||
| 020 | _a9780140366778 (pbk.) | ||
| 040 |
_aDLC _cDLC _dDLC |
||
| 042 | _apcc | ||
| 050 | 0 | 0 |
_aPR2877 _b.L3 2003 |
| 082 | 0 | 0 |
_a823.7 _bSHA |
| 100 | 1 |
_aLamb, Charles, _d1775-1834. |
|
| 240 | 1 | 0 |
_aTales from Shakespeare. _kSelections |
| 245 | 1 | 0 |
_aTen tales from Shakespeare / _cCharles and Mary Lamb. |
| 260 |
_aMineola, N.Y. : _bDover Publications, _c2003. |
||
| 300 |
_av, 346 p. ; _c21 cm. |
||
| 440 | 0 | _aDover evergreen classics | |
| 505 | 0 | _aThe tempest -- A Midsummer night's dream -- As you like it -- The merchant of Venice -- King Lear -- Macbeth -- The taming of the shrew -- Romeo and Juliet -- Hamlet, Prince of Denmark -- Othello. | |
| 600 | 1 | 0 |
_aShakespeare, William, _d1564-1616 _xStories, plots, etc. |
| 600 | 1 | 0 |
_aShakespeare, William, _d1564-1616 _vAdaptations. |
| 700 | 1 |
_aLamb, Mary, _d1764-1847. |
|
| 856 | 4 | 2 |
_3Publisher description _uhttp://www.loc.gov/catdir/description/dover033/2002035174.html |
| 906 |
_a7 _bcbc _corignew _d1 _eocip _f20 _gy-gencatlg |
||
| 942 |
_2ddc _cBK |
||